000 00499nam a22001817a 4500
005 20240729123831.0
008 240729b |||||||| |||| 00| 0 eng d
020 _a9781305107168
082 _a005.446
_bECK-C
100 _ajason W.Eckert
245 _aCompTIA Linux+ Guide to Linux Certification /
_cTrios College
260 _bpearson;
_ausa:
_c2016.
300 _axiv, 740 p. :
_bill;
_c24 cm.
500 _ainclude index.
650 _aNetworking
700 _aTrios College
999 _c36230
_d36230